000 01041nas a2200349 4500
001 BR2016001634
003 BR-BrBNA
005 20231205130316.0
007 ta
008 230509b bl.|||p| |||| 00| 00por d
040 _aBR-BrBNA
_bpor
_cBiblioteca Nacional de Agricultura
041 _a(Pt)
072 _aF08
100 1 _aMoreira, G.M.
100 1 _aBarrela, T.P.
100 1 _aMartins Neto, F.L.
100 1 _aMartinez, H.E.P.
100 1 _aSantos, R.H.S.
245 1 _aConsorciação em cafeeiros orgânicos por diferentes períodos com feijão-de-porco ou lablabe
650 _aCAFÉ
650 _aFEIJÃO DE PORCO
650 _aLABE-LABE
650 _aLEGUMINOSA FORRAGEIRA
650 _aCONSORCIAÇÃO DE CULTURA
650 _aADUBO VERDE
650 _aCRESCIMENTO
650 _aANÁLISE COMPARATIVA
650 _aPRODUTIVIDADE
773 0 _tCoffee Science (Brazil)
_xISSN 1809-6875
_g(Oct-Dec 2014), v. 9(4) p. 456-464
_wBR2016001634
909 _a202311
_bLúcia
_c55
_dLúcia Elande
942 _2AGRIS
_n0
_cANA
999 _c248772
_d248772